Detroit Pistons All-NBA Players - Statistics

General Stats
  • This quiz has been taken 483 times
    20 since last reset
  • The average score is 9 of 16
Answer Stats
Player % Correct
Ben Wallace
100%
Cade Cunningham
94%
Isiah Thomas
94%
Joe Dumars
94%
Chauncey Billups
89%
Dennis Rodman
83%
Grant Hill
72%
Jalen Duren
72%
Andre Drummond
67%
Blake Griffin
61%
Dave Bing
56%
George Yardley
33%
Bailey Howell
6%
Gene Shue
6%
Larry Foust
6%
Fred Schaus
0%
No matching quizzes found
Score Distribution
Percent of People with Each Score
Percentile by Number Answered
Your Score History
You have not taken this quiz since the last reset